[Event "Titled Tue 3rd Jun Early"]
[Site "chess.com INT"]
[Date "2025.06.03"]
[Round "10"]
[White "Nepomniachtchi, Ian"]
[Black "Drygalov, Sergey"]
[Result "1/2-1/2"]
[WhiteTitle "GM"]
[BlackTitle "GM"]
[WhiteElo "2757"]
[BlackElo "2560"]
[WhiteFideId "4168119"]
[BlackFideId "24171743"]
[EventDate "2025.06.03"]

1. e4 c5 2. Nf3 d6 3. d4 cxd4 4. Nxd4 Nf6 5. Nc3 a6 6. Be2 e5 7. Nb3 Be7 8. O-O
O-O 9. Qd3 Be6 10. Rd1 Nbd7 11. Nd5 Bxd5 12. exd5 a5 13. a4 Rc8 14. c3 Nc5 15.
Nxc5 Rxc5 16. Qf3 Nd7 17. Bb5 f5 18. b4 Rc8 19. bxa5 Nc5 20. Ba3 Qxa5 21. Bb4
Qc7 22. a5 e4 23. Qe2 Bf6 24. Rab1 Rf7 25. c4 Nd3 26. Rxd3 exd3 27. Qxd3 g6 28.
c5 Be5 29. c6 Rb8 30. Bd2 f4 31. h3 Kg7 32. Kh2 Re7 33. f3 Qd8 34. Rc1 Rc7 35.
Be1 Qg5 36. Bf2 Re7 37. c7 Rc8 38. Bb6 Qg3+ 39. Kh1 Bf6 40. Qf1 Bb2 41. Rb1 Bf6
42. Qc4 Re1+ 43. Rxe1 Qxe1+ 44. Qf1 Qc3 45. Qc4 Qe1+ 46. Qf1 Qc3 47. a6 bxa6 48.
Bc6 Bd4 49. Qb1 Bxb6 50. Qxb6 Qe1+ 51. Kh2 Qg3+ 52. Kh1 Qe1+ 53. Kh2 Qe7 54.
Qxa6 Rxc7 55. Qb6 Ra7 56. Qd4+ Kg8 57. Qxf4 Ra2 58. h4 Re2 59. Qg5 Qe5+ 60. Kh3
Qxg5 61. hxg5 Kg7 62. f4 Re3+ 63. Kg4 h6 64. gxh6+ Kxh6 65. Bd7 Kg7 66. Be6 Kf6
67. g3 Rd3 68. Bg8 Rd4 69. Be6 g5 70. Bg8 gxf4 71. gxf4 Rd1 72. Be6 Rf1 73. Kg3
Rb1 74. Kg4 Rb3 75. Bg8 Rc3 76. Be6 Rc7 77. Kf3 Rg7 78. Kf2 Rh7 79. Kg3 Rh1 80.
Kg4 Rf1 81. Kg3 Rg1+ 82. Kf3 Ke7 83. Kf2 Rg6 84. Kf3 Rg7 85. Kf2 Kf6 86. Kf3 Ra7
87. Kg4 Ra3 88. Kh4 Re3 89. Kg4 Rd3 90. Kh4 Rd1 91. Kg4 Rf1 1/2-1/2

[Event "Titled Tue 3rd Jun Early"]
[Site "chess.com INT"]
[Date "2025.06.03"]
[Round "10"]
[White "Lai, Duc Minh"]
[Black "Molina, Roberto Junio Brito"]
[Result "0-1"]
[BlackTitle "IM"]
[WhiteElo "2072"]
[BlackElo "2381"]
[WhiteFideId "12420387"]
[BlackFideId "2109450"]
[EventDate "2025.06.03"]

1. e4 c6 2. d4 d5 3. exd5 cxd5 4. Bd3 Nc6 5. c3 g6 6. Nf3 Bf5 7. Ne5 Bxd3 8.
Nxd3 Bh6 9. O-O Bxc1 10. Qxc1 Nf6 11. Qh6 Qd6 12. Nd2 O-O-O 13. Rae1 e6 14. Qh4
Qe7 15. Ne5 Nxe5 16. dxe5 Ng8 17. Qa4 Kb8 18. Nb3 Qd7 19. Qb4 Ne7 20. Nd4 Nc6
21. Qa4 Nxe5 22. Qb4 Nc6 23. Qa4 Rhe8 24. f4 Nxd4 25. Qxd4 Rc8 26. Qf6 Qe7 27.
Qe5+ Qc7 28. Qf6 Red8 29. g4 Rd6 30. Kg2 Rcd8 31. Qd4 Qb6 32. Re2 Qxd4 33. cxd4
Kc7 34. f5 exf5 35. gxf5 Rf6 36. Re5 Kd6 37. b3 Rc8 38. Kg3 Rg8 39. Kh4 gxf5 40.
Rexf5 Rh6+ 41. Rh5 Rxh5+ 42. Kxh5 Ke6 43. Re1+ Kf6 44. Rf1+ Ke7 45. Re1+ Kd6 46.
Rf1 Rg2 47. h4 Ke6 48. Re1+ Kf6 49. Rf1+ Kg7 50. Rf5 Rxa2 51. Rxd5 Rb2 52. Rb5
b6 53. Kg5 Rf2 54. Rd5 h6+ 55. Kg4 Rb2 56. Rb5 Kf6 57. Kh5 Rd2 58. Rb4 Kg7 59.
Rc4 Rd3 60. b4 Rb3 61. Kg4 b5 62. Rc7 a6 63. Rc6 Rxb4 64. Rxa6 Rxd4+ 65. Kh5
Rd5+ 66. Kg4 b4 67. Rb6 Rd4+ 68. Kh5 Rc4 69. Rb5 Kf6 70. Rb6+ Ke5 71. Rb5+ Kd4
72. Kxh6 Kc3 73. h5 b3 74. Kg5 b2 75. h6 Rb4 76. h7 Rxb5+ 0-1

[Event "Titled Tue 3rd Jun Early"]
[Site "chess.com INT"]
[Date "2025.06.03"]
[Round "10"]
[White "Alfaro, William"]
[Black "Agarwal, Amaya"]
[Result "1-0"]
[WhiteTitle "FM"]
[BlackTitle "WCM"]
[WhiteElo "2077"]
[BlackElo "2004"]
[WhiteFideId "6100457"]
[BlackFideId "48733580"]
[EventDate "2025.06.03"]

1. Nf3 d5 2. c4 e6 3. b3 Nf6 4. Bb2 Be7 5. g3 O-O 6. Bg2 Nbd7 7. O-O b6 8. d4
Bb7 9. Nc3 c5 10. e3 a6 11. Qe2 Qc7 12. cxd5 exd5 13. Rac1 Rac8 14. Ne5 Rfe8 15.
Rfd1 Bf8 16. Nxd7 Qxd7 17. Na4 Qc7 18. dxc5 bxc5 19. Bxf6 gxf6 20. Bxd5 Bxd5 21.
Rxd5 Bg7 22. Rdxc5 Qb7 23. Rxc8 Rxc8 24. Rxc8+ Qxc8 25. Qc4 Qd7 26. Nb6 Qa7 27.
Nd5 h6 28. Qc8+ Kh7 29. Qf5+ Kg8 30. Nxf6+ Bxf6 31. Qxf6 Qd7 32. Qxh6 Qd1+ 33.
Kg2 Qd5+ 34. f3 Qd2+ 35. Kh3 Qxa2 36. Qg5+ Kf8 37. Qc5+ Kg7 38. b4 Qe6+ 39. g4
Qh6+ 40. Kg3 Qe6 41. h4 Qf6 42. Qg5+ Qxg5 43. hxg5 Kg6 44. f4 Kg7 45. e4 Kf8 46.
Kf3 Ke7 47. Ke3 Ke6 48. Kd4 Kd6 49. e5+ Ke6 50. Ke4 Ke7 51. f5 Kd7 52. Kd5 Ke7
53. Kc5 Kd7 54. Kb6 Ke7 55. Kxa6 Kd7 56. Kb5 Ke7 57. Kc5 Kd7 58. Kd5 Kc7 59. Ke4
Kb6 60. Kf4 Kb5 61. g6 fxg6 62. fxg6 Kxb4 63. Kf5 Kc4 64. e6 Kd4 65. g5 Kc4 66.
Kf6 Kd4 67. e7 Kc4 68. g7 Kd4 69. Kf7 Kc4 70. g6 Kd4 71. g8=Q Kc4 72. g7 Kd4 73.
Qf8 Kc4 74. e8=B Kd4 75. g8=N Kc4 76. Ke6 Kd4 77. Qf7 Kc4 78. Nf6 Kd4 79. Bc6
Kc4 80. Bd5+ Kd4 81. Nd7 Kc3 82. Ne5 Kd4 83. Kd6 Ke3 84. Kc5 Kd2 85. Nc4+ Kd3
86. Be6 Kc3 87. Bf5 Kb3 88. Kd4 Kb4 89. Bc2 Kb5 90. Ne5 Kb4 91. Nd3+ Kb5 92. Bb3
Ka5 93. Kc5 Ka6 94. Nb4+ Ka5 95. Qa7# 1-0

[Event "Titled Tue 3rd Jun Early"]
[Site "chess.com INT"]
[Date "2025.06.03"]
[Round "10"]
[White "Sklokin, Sergey"]
[Black "Barseghyan, Armen Ar."]
[Result "1-0"]
[WhiteTitle "FM"]
[BlackTitle "IM"]
[WhiteElo "2311"]
[BlackElo "2348"]
[WhiteFideId "55730230"]
[BlackFideId "13306707"]
[EventDate "2025.06.03"]

1. d4 Nf6 2. c4 e6 3. Nf3 d5 4. g3 c5 5. cxd5 exd5 6. Nc3 Nc6 7. Bg2 cxd4 8.
Nxd4 Bc5 9. e3 Nxd4 10. exd4 Be7 11. O-O O-O 12. Re1 Be6 13. Qb3 Qb6 14. Bg5
Rfd8 15. h4 h6 16. Be3 Qxb3 17. axb3 a6 18. Na4 Rac8 19. Nc5 Bxc5 20. dxc5 d4
21. Bxb7 Rxc5 22. Rad1 Rc7 23. Bxa6 Ra8 24. Bf4 Rc2 25. Bb7 Ra7 26. Bf3 Rxb2 27.
Rxd4 Rxb3 28. Bg2 Ra2 29. Bf1 Rbb2 30. Rd8+ Kh7 31. Bd3+ g6 32. Be3 Rb3 33. Bf1
Kg7 34. Bd4 g5 35. hxg5 hxg5 36. Rd6 Kg6 37. Bg2 Ng4 38. Be4+ Kh5 39. Rd8 f5 40.
Rh8+ Kg6 41. Bb1 Ra6 42. Bc2 Rb5 43. Bd3 Rba5 44. Bxa6 Rxa6 45. Re8 Kf7 46. Rb8
Rd6 47. Rb7+ Kg6 48. Bc5 Rc6 49. f3 Nf6 50. Bd4 Nh5 51. Kf2 Rc2+ 52. Re2 Rxe2+
53. Kxe2 Nxg3+ 54. Kf2 f4 55. Rb6 Kf5 56. Rb5+ Kg6 57. Bb6 Bf5 58. Bd8 g4 59.
Rb6+ Kg7 60. Bc7 gxf3 61. Bxf4 Nh5 62. Be5+ Kf7 63. Kxf3 Be6 64. Ke4 Nf6+ 65.
Kd4 Nd7 66. Rb7 Ke8 67. Bd6 Kf7 68. Ke4 Kf6 69. Kf4 Bf5 70. Ra7 Be6 71. Bb4 Kf7
72. Kg5 Bh3 73. Ra6 Be6 74. Ra1 Ne5 75. Rf1+ Ke8 76. Kf6 Nc6 77. Bc5 Bd5 78.
Re1+ Kd7 79. Rd1 Nb4 80. Bxb4 Kc6 81. Rc1+ Kb5 82. Bd6 Bc4 83. Ke5 Bd3 84. Kd4
Be2 85. Rc5+ Kb6 86. Bc7+ Kb7 87. Bd8 Bf3 88. Rc7+ Ka6 89. Kc5 Be2 90. Re7 Bf3
91. Bb6 Bb7 92. Rc7 Ba8 93. Ra7# 1-0

[Event "Titled Tue 3rd Jun Early"]
[Site "chess.com INT"]
[Date "2025.06.03"]
[Round "10"]
[White "Guerra Tulcan, Lenin"]
[Black "Tikhonov, Viacheslav"]
[Result "0-1"]
[WhiteTitle "IM"]
[BlackTitle "CM"]
[WhiteElo "2310"]
[BlackElo "2183"]
[WhiteFideId "3601382"]
[BlackFideId "44196407"]
[EventDate "2025.06.03"]

1. e4 c5 2. Nf3 Nc6 3. c3 Nf6 4. Bd3 d6 5. Bc2 g6 6. d3 Bg7 7. O-O O-O 8. Nbd2
e5 9. h3 h6 10. Re1 Re8 11. Nf1 d5 12. Be3 b6 13. exd5 Nxd5 14. Ng3 Be6 15. Qd2
Kh7 16. Ba4 Qc7 17. Qe2 Nf4 18. Qc2 Rad8 19. Bxf4 exf4 20. Ne4 Qb7 21. Bb3 Bxb3
22. axb3 Qd7 23. Rad1 f5 24. Ned2 Rxe1+ 25. Nxe1 g5 26. Nf1 Kh8 27. Nf3 g4 28.
hxg4 fxg4 29. Nh4 Ne5 30. d4 Bf6 31. dxe5 Qxd1 32. Ng6+ Kg7 33. exf6+ Kxf6 34.
Qxd1 Rxd1 35. Nxf4 Rb1 36. Nd3 h5 37. g3 b5 38. Nxc5 Rxb2 39. b4 Rc2 40. Ne3
Rc1+ 41. Kg2 Kg7 42. Nd5 Kh6 43. Nc7 Rxc3 44. Nxb5 Rc4 45. Na6 Rc6 46. Nbc7 Rb6
47. b5 Rf6 48. Nc5 Rb6 49. Kf1 Rf6 50. Ke2 Rb6 51. Kd3 h4 52. gxh4 Kh5 53. Ke3
Kxh4 54. Ne4 Kh3 55. Nc3 Rb7 56. N7d5 Rf7 57. Nf4+ Kh2 58. Ne4 Rf8 59. Ne2 Re8
60. Kf4 Kg2 61. Ke3 Rf8 62. Ng5 Kh2 63. Nf4 Re8+ 64. Nge6 Kg1 65. Ke2 Rb8 66.
Nd4 Re8+ 67. Nfe6 Rh8 68. Ke3 Rh6 69. Nf4 Rh2 70. Nde2+ Kf1 71. Nd3 Rh3+ 72.
Ng3+ Kg2 73. Kf4 Rh4 74. Kg5 Rh8 75. Kxg4 Rg8+ 76. Kf4 Rf8+ 77. Ke3 Re8+ 78. Ne4
Rb8 79. Nf4+ Kf1 80. Nd6 Rb6 81. Nc4 Rxb5 82. Nd3 Rh5 83. f4 a5 84. Ke4 a4 85.
f5 Rh8 86. f6 Rc8 87. Kd5 Ra8 88. f7 Rf8 0-1

[Event "Titled Tue 3rd Jun Early"]
[Site "chess.com INT"]
[Date "2025.06.03"]
[Round "10"]
[White "Marynychenko, Yehor"]
[Black "Punin, Andrii"]
[Result "0-1"]
[WhiteTitle "CM"]
[BlackTitle "FM"]
[WhiteElo "2183"]
[BlackElo "2289"]
[WhiteFideId "34160558"]
[BlackFideId "14112639"]
[EventDate "2025.06.03"]

1. e4 d5 2. exd5 Qxd5 3. Nc3 Qa5 4. Nf3 Nf6 5. d4 c6 6. Be2 Bf5 7. O-O e6 8. Ne5
Nbd7 9. Bd2 Qc7 10. Bf4 Bd6 11. Nxd7 Bxf4 12. Nxf6+ gxf6 13. g3 Bd6 14. Bf3
O-O-O 15. Ne4 Bxe4 16. Bxe4 f5 17. Bg2 f4 18. c3 h5 19. Qa4 Kb8 20. b4 h4 21. b5
c5 22. dxc5 Qxc5 23. Qe4 Qc7 24. g4 f3 25. Qxf3 Bxh2+ 26. Kh1 h3 27. Qxb7+ Qxb7
28. Bxb7 Be5 29. Bc6 Bxc3 30. Rac1 Bd4 31. a4 Bb6 32. Rc3 f5 33. g5 Rd4 34. Rfc1
Rg4 35. Bd7 Bxf2 36. Rc8+ Rxc8 37. Bxc8 Rxg5 38. Ba6 Rg8 39. Kh2 Bb6 40. Rc6 e5
41. Re6 e4 42. Kxh3 Rf8 43. Kg2 Kc7 44. a5 Bxa5 45. Re7+ Kd6 46. Rxa7 Bb6 47.
Rb7 Kc5 48. Re7 Kd4 49. Re6 Bc5 50. b6 Kd5 51. Rh6 f4 52. b7 f3+ 53. Kf1 e3 54.
Rf6 e2+ 55. Bxe2 fxe2+ 56. Kxe2 Re8+ 57. Kd3 Bd6 58. Rf5+ Kc6 59. Rf6 Rd8 60.
Kc4 Kxb7 61. Kb5 Kc7 62. Rh6 Rd7 63. Rg6 Re7 64. Rg5 Be5 65. Kc5 Bd6+ 66. Kd5
Rf7 67. Rh5 Kd7 68. Rg5 Be7 69. Rh5 Rf1 70. Kc4 Rc1+ 71. Kd3 Kd6 72. Kd2 Rc8 73.
Kd3 Bf6 74. Ke4 Ke6 75. Ra5 Rc4+ 76. Kd3 Rh4 77. Ke3 Be5 78. Ra8 Kf5 79. Ra5
Rh3+ 80. Kf2 Kf4 81. Ra4+ Kf5 82. Ra8 Ke4 83. Ra4+ Bd4+ 84. Kg2 Rd3 85. Ra8 Kf4
86. Rf8+ Kg4 87. Rg8+ Kf5 88. Rf8+ Ke4 89. Re8+ Be5 90. Kf2 Rd2+ 91. Ke1 Ra2 92.
Re7 Kd4 93. Re8 Bf4 94. Kf1 Kd3 95. Rd8+ Ke3 96. Rd1 Rh2 97. Kg1 Rh4 98. Re1+
Kf3 99. Rf1+ Kg3 100. Re1 Rh7 101. Rb1 Kf3 102. Rb3+ Be3+ 103. Kf1 Rh1# 0-1

[Event "Titled Tue 3rd Jun Early"]
[Site "chess.com INT"]
[Date "2025.06.03"]
[Round "10"]
[White "Brenke, Andreas"]
[Black "Bustelo, Tabare"]
[Result "1-0"]
[WhiteTitle "FM"]
[BlackTitle "CM"]
[WhiteElo "2349"]
[BlackElo "2043"]
[WhiteFideId "4602900"]
[BlackFideId "3000362"]
[EventDate "2025.06.03"]

1. d4 c5 2. d5 d6 3. c4 b5 4. cxb5 a6 5. e3 g6 6. Nc3 Bg7 7. Nf3 Nf6 8. a4 O-O
9. e4 axb5 10. Bxb5 Na6 11. O-O Nc7 12. Be2 Bb7 13. Qc2 e6 14. dxe6 fxe6 15. Rd1
d5 16. exd5 exd5 17. Bf4 d4 18. Bc4+ Kh8 19. Ng5 Ncd5 20. Ne6 Nxf4 21. Nxd8
Raxd8 22. Ne2 Nxg2 23. Ng3 Nh4 24. Be2 Rde8 25. Qxc5 Rxe2 26. Nxe2 Nf3+ 27. Kg2
Ne4 28. Qc7 Ba8 29. Ng3 Neg5 30. h4 Nxh4+ 31. Kg1 Nhf3+ 32. Kg2 Be5 33. Qxe5+
Nxe5+ 34. Kf1 d3 35. Ke1 Ngf3+ 36. Kf1 h5 37. a5 h4 38. Nh1 Nh2+ 39. Kg1 Nef3+
40. Kg2 g5 41. a6 g4 42. Ra4 h3+ 43. Kg3 d2 44. Rxg4 Nxg4 45. Kxg4 Ne5+ 46. Kg3
Rf3+ 47. Kh4 Nc4 48. b3 Ne5 49. b4 Rd3 50. b5 Bg2 51. b6 Rd4+ 52. Kg5 Nf7+ 53.
Kf6 Kg8 54. b7 Rf4+ 55. Ke6 Nd8+ 56. Ke7 Nxb7 57. axb7 Bxb7 58. Rxd2 Bg2 59. Ng3
h2 60. f3 Rxf3 61. Rxg2 Kh7 62. Rxh2+ Kg6 63. Rg2 Re3+ 64. Kd6 Ra3 65. Ke5 Kf7
66. Ne4 Ra5+ 67. Kf4 Ra4 68. Rg5 Rb4 69. Rc5 Ra4 70. Kf5 Rb4 71. Rc7+ Ke8 72.
Ng5 Kd8 73. Rf7 Rb5+ 74. Kf6 Rb6+ 75. Ne6+ Kc8 76. Rg7 Kb8 77. Rh7 Ka8 78. Rd7
Rb7 79. Rd6 Ka7 80. Ke5 Rb5+ 81. Kf6 Rb6 82. Rd7+ Rb7 83. Rd5 Rb6 84. Ke5 Ka6
85. Nc5+ Ka7 86. Rd7+ Ka8 87. Ne6 Rb7 88. Rd6 Ka7 89. Kd5 Rb5+ 90. Kd4 Rb6 91.
Rd7+ Rb7 92. Rd5 Rb6 93. Nc5 Rb7 94. Nxb7 Kxb7 95. Kc5 1-0

[Event "Titled Tue 3rd Jun Early"]
[Site "chess.com INT"]
[Date "2025.06.03"]
[Round "10"]
[White "Salimova, Asal"]
[Black "Mottola, Max"]
[Result "1/2-1/2"]
[WhiteTitle "WCM"]
[WhiteElo "2003"]
[BlackElo "2128"]
[WhiteFideId "14204940"]
[BlackFideId "30985862"]
[EventDate "2025.06.03"]

1. d4 a5 2. c4 Nc6 3. d5 Na7 4. e4 e6 5. Nc3 Bb4 6. Bd2 Nf6 7. Bd3 e5 8. Nge2
O-O 9. O-O d6 10. a3 Bxc3 11. Nxc3 c5 12. dxc6 Nxc6 13. Nd5 Ne8 14. Be3 Be6 15.
Bb6 Qd7 16. b4 f5 17. b5 Nd4 18. Bxd4 Bxd5 19. exd5 exd4 20. Be2 Qe7 21. Re1 Qf6
22. Bh5 Nc7 23. Qd3 g6 24. Bf3 Rfe8 25. h3 Re5 26. Red1 Rae8 27. Kh2 R5e7 28.
Qxd4 Qxd4 29. Rxd4 Na8 30. Rc1 Nb6 31. c5 dxc5 32. Rxc5 Rd8 33. Kg3 Rd6 34. Kf4
Kf7 35. h4 Kf6 36. Rc1 h6 37. Rh1 Nd7 38. g4 fxg4 39. Bxg4 Ne5 40. Be2 Rc7 41.
Kg3 Rc2 42. Kg2 Rxe2 43. Rc1 h5 44. Rc8 Ng4 45. Rf8+ Kg7 46. Rff4 Re5 47. Kf3
Rexd5 48. Rc4 Ne5+ 49. Kg2 Nxc4 50. Rxc4 Rxb5 51. Rc7+ Kh6 52. a4 Rb4 53. Kg3 b6
54. f3 Rxa4 55. Rc8 Rb4 56. Rh8+ Kg7 57. Rc8 a4 58. Rc7+ Kf6 59. Ra7 b5 60. f4
Rd3+ 61. Kf2 Rxf4+ 62. Ke2 Rb3 63. Kd2 Rxh4 64. Kc2 Re4 65. Ra6+ Kf5 66. Ra7 h4
67. Rf7+ Kg4 68. Rg7 g5 69. Rh7 h3 70. Rh8 Rf3 71. Kd2 Kg3 72. Rg8 g4 73. Rg5 h2
74. Rh5 Kg2 75. Rh8 g3 76. Rh7 a3 77. Rh6 b4 78. Rh8 b3 79. Rh7 b2 80. Kc2 Re2+
81. Kb1 Kf2 82. Rh6 Rd3 83. Ka2 Rd1 84. Rb6 b1=R+ 85. Kxa3 Rxb6 86. Ka4 Rf6 87.
Ka5 g2 88. Ka4 g1=R 89. Ka3 h1=R 90. Ka4 Rf3 91. Ka5 Rg4 92. Ka6 Rh5 93. Ka7
Rff5 94. Kb6 Re6+ 95. Kc7 Rhg5 96. Kb7 Rgg6 97. Kc7 Kf3 98. Kb7 Kf4 99. Kc7 Ke5
100. Kb7 Kf6 101. Kc7 Ke7 102. Kb7 Rgf6 103. Kc7 Rf7 104. Kb7 Rf8 105. Kc7 Rc1+
106. Kb7 Rfc8 107. Ka7 1/2-1/2

[Event "Titled Tue 3rd Jun Early"]
[Site "chess.com INT"]
[Date "2025.06.03"]
[Round "11"]
[White "Olhovik, Andrei"]
[Black "Ilinca, Felix-Antonio"]
[Result "0-1"]
[WhiteTitle "FM"]
[BlackTitle "IM"]
[WhiteElo "2282"]
[BlackElo "2420"]
[WhiteFideId "13507397"]
[BlackFideId "54764998"]
[EventDate "2025.06.03"]

1. d4 Nf6 2. c4 c5 3. d5 b5 4. cxb5 a6 5. bxa6 e6 6. Nc3 exd5 7. Nxd5 Nxa6 8. e4
Nxd5 9. exd5 Bd6 10. Bd3 O-O 11. Ne2 Nb4 12. Nc3 Nxd3+ 13. Qxd3 Ba6 14. Nb5 Qa5+
15. Nc3 Bxd3 0-1

[Event "Titled Tue 3rd Jun Early"]
[Site "chess.com INT"]
[Date "2025.06.03"]
[Round "11"]
[White "Nagare Kaivalya Sandip"]
[Black "Oleksiyenko, Mykhaylo"]
[Result "1-0"]
[WhiteTitle "FM"]
[BlackTitle "GM"]
[WhiteElo "2321"]
[BlackElo "2569"]
[WhiteFideId "25957929"]
[BlackFideId "4152417"]
[EventDate "2025.06.03"]

1. e4 c5 2. Nf3 e6 3. d4 cxd4 4. Nxd4 Nf6 5. Nc3 Bb4 6. e5 Nd5 7. Bd2 Nxc3 8.
bxc3 Bf8 9. Bd3 Na6 10. f4 Nc5 11. O-O b6 12. f5 Bb7 13. fxe6 Nxe6 14. Nxe6 1-0

[Event "Titled Tue 3rd Jun Early"]
[Site "chess.com INT"]
[Date "2025.06.03"]
[Round "11"]
[White "Danzer, George"]
[Black "Neustroev, Victor"]
[Result "0-1"]
[WhiteTitle "CM"]
[BlackTitle "FM"]
[WhiteElo "2172"]
[BlackElo "2283"]
[WhiteFideId "4659465"]
[BlackFideId "4144147"]
[EventDate "2025.06.03"]

1. e4 c5 2. Nf3 e6 3. d4 cxd4 4. Nxd4 a6 5. c4 Nf6 6. Bd3 Nc6 7. Nxc6 dxc6 8.
O-O e5 9. Be3 Ng4 10. Bc1 Bc5 11. a3 Qh4 12. h3 Nxf2 13. Rxf2 Qxf2+ 14. Kh1 O-O 0-1

[Event "Titled Tue 3rd Jun Early"]
[Site "chess.com INT"]
[Date "2025.06.03"]
[Round "11"]
[White "Salimova, Asal"]
[Black "Jahnz, Laurin"]
[Result "1-0"]
[WhiteTitle "WCM"]
[BlackTitle "CM"]
[WhiteElo "2003"]
[BlackElo "2233"]
[WhiteFideId "14204940"]
[BlackFideId "16261089"]
[EventDate "2025.06.03"]

1. d4 d5 2. c4 e6 3. Nc3 c6 4. cxd5 cxd5 5. Bf4 Nf6 6. e3 Bd6 7. Bg3 O-O 8. Bd3
Nc6 9. Nf3 a6 10. O-O b5 11. Rc1 Bxg3 12. hxg3 Bd7 13. a4 b4 14. Nb1 a5 15. Nbd2
Ne7 16. Ne5 Rc8 17. Nxd7 Qxd7 18. Nb3 Rxc1 19. Nxc1 Rc8 20. Bb5 Qc7 21. Nb3 Nf5
22. Nc5 Nd6 23. Ba6 Rf8 24. Qe2 Nfe4 25. Rc1 Ra8 26. Bd3 Qc6 27. Rc2 Rc8 28.
Nxe4 dxe4 29. Rxc6 Rxc6 30. Bb5 Rc1+ 31. Kh2 b3 32. Qd2 Rc2 33. Qxa5 g6 34. Qd8+ 1-0

[Event "Titled Tue 3rd Jun Early"]
[Site "chess.com INT"]
[Date "2025.06.03"]
[Round "11"]
[White "Marchesich, Giovanni"]
[Black "Mikhailova, Irina"]
[Result "1-0"]
[WhiteTitle "CM"]
[BlackTitle "WGM"]
[WhiteElo "2219"]
[BlackElo "2143"]
[WhiteFideId "2824790"]
[BlackFideId "4109040"]
[EventDate "2025.06.03"]

1. d4 Nf6 2. Nc3 d5 3. Bf4 c6 4. e3 g6 5. Be2 Bg7 6. h4 h5 7. Nf3 Bg4 8. Ne5
Bxe2 9. Qxe2 Nbd7 10. O-O-O Qa5 11. Kb1 O-O 12. Nxd7 Nxd7 13. g4 Nf6 14. gxh5
Nxh5 15. Be5 b5 16. Rdg1 b4 17. Nd1 Qb5 18. Qxh5 gxh5 19. Rxg7+ Kh8 20. Rg5+ Kh7
21. Rhg1 Qe2 22. Rg7+ Kh8 23. Rxf7# 1-0

[Event "Titled Tue 3rd Jun Early"]
[Site "chess.com INT"]
[Date "2025.06.03"]
[Round "11"]
[White "Triapishko, Alexandr"]
[Black "Sanal, Vahap"]
[Result "1-0"]
[WhiteTitle "IM"]
[BlackTitle "GM"]
[WhiteElo "2459"]
[BlackElo "2555"]
[WhiteFideId "14122286"]
[BlackFideId "6300545"]
[EventDate "2025.06.03"]

1. e4 e5 2. Nf3 Nc6 3. Bb5 Nf6 4. d3 Bd6 5. Nc3 a6 6. Bc4 h6 7. g4 b5 8. Bb3 Nd4
9. Nxd4 exd4 10. Nd5 Nxd5 11. Bxd5 c6 12. Bb3 Qh4 13. Qf3 O-O 14. Bd2 Bb7 15.
O-O-O a5 16. a3 b4 17. a4 c5 18. Rdg1 Be7 19. g5 Bxg5 20. Bxg5 hxg5 21. Rg4 Qh6
22. h4 gxh4+ 23. Kb1 g6 24. Rgxh4 Qg7 25. Qh3 1-0

[Event "Titled Tue 3rd Jun Early"]
[Site "chess.com INT"]
[Date "2025.06.03"]
[Round "11"]
[White "Gyurjinyan, Valter"]
[Black "Sindarov, Islombek"]
[Result "0-1"]
[WhiteTitle "CM"]
[BlackTitle "CM"]
[WhiteElo "2208"]
[BlackElo "2129"]
[WhiteFideId "13318179"]
[BlackFideId "14205475"]
[EventDate "2025.06.03"]

1. d4 g6 2. e4 Bg7 3. Nc3 c5 4. dxc5 Nc6 5. Nge2 Nf6 6. h3 O-O 7. Be3 Qa5 8. Qd2
Qb4 9. a3 Qa5 10. g3 Ne5 11. b4 Nf3+ 12. Kd1 Nxd2 13. bxa5 Ndxe4 14. Nxe4 Nxe4
15. Rb1 d6 16. cxd6 Nxd6 17. Bg2 Rd8 18. Kc1 Nc4 19. Bxb7 Bxb7 20. Rxb7 Nxa3 21.
Rxa7 Rac8 22. c3 Nb5 23. Rxe7 Nxc3 24. Nxc3 Rxc3+ 25. Kb1 Ra3 26. Bb6 Ra1+ 27.
Kc2 Rc8+ 0-1

[Event "Titled Tue 3rd Jun Early"]
[Site "chess.com INT"]
[Date "2025.06.03"]
[Round "11"]
[White "Heymann, Samuel"]
[Black "Tursunalieva, Nurelina"]
[Result "1-0"]
[WhiteTitle "CM"]
[BlackTitle "WCM"]
[WhiteElo "2226"]
[BlackElo "1810"]
[WhiteFideId "4645707"]
[BlackFideId "13817329"]
[EventDate "2025.06.03"]

1. c4 Nf6 2. g3 g6 3. Bg2 Bg7 4. Nc3 O-O 5. e4 e5 6. Nge2 d6 7. O-O c5 8. h3 Nc6
9. d3 Nd4 10. Kh2 a6 11. a4 Be6 12. Be3 Nd7 13. Rb1 f5 14. exf5 gxf5 15. Bxb7
Ra7 16. Bd5 Bxd5 17. Nxd5 Nxe2 18. Qxe2 Nf6 19. Bg5 h6 20. Bxf6 Bxf6 21. Qh5 Bg7
22. b4 f4 23. g4 Raf7 24. bxc5 dxc5 25. f3 Qa5 26. Rf2 Qxa4 27. g5 hxg5 28. Qxg5
Rf5 29. Ne7+ Kh7 30. Nxf5 Rxf5 31. Qxf5+ Kg8 32. Rb8+ Bf8 33. Rg2+ Kh8 34. Rxf8# 1-0

[Event "Titled Tue 3rd Jun Early"]
[Site "chess.com INT"]
[Date "2025.06.03"]
[Round "11"]
[White "Asish Panda"]
[Black "Kravtsiv, Martyn"]
[Result "0-1"]
[BlackTitle "GM"]
[WhiteElo "1911"]
[BlackElo "2598"]
[WhiteFideId "45012458"]
[BlackFideId "14113147"]
[EventDate "2025.06.03"]

1. e4 b6 2. d4 Bb7 3. Nc3 g6 4. g3 Bg7 5. Bg2 e6 6. Nge2 Ne7 7. O-O O-O 8. h3 d6
9. f4 f5 10. e5 Bxg2 11. Kxg2 Nbc6 12. Be3 Nb4 13. Bf2 dxe5 14. fxe5 Qc8 15. Nf4
Rd8 16. a3 Nbc6 17. Qf3 Nxd4 18. Bxd4 Rxd4 19. Rfe1 c6 20. Rad1 Rxd1 21. Nxd1
Nd5 22. Ne3 b5 23. c3 Qd7 24. Nexd5 cxd5 25. Qd3 a5 26. h4 Rc8 27. h5 g5 28. Nh3
h6 29. Ng1 Rc4 30. Nf3 Re4 31. Rd1 Qe8 32. Nd2 Rxe5 33. Nb3 Qxh5 34. Rd2 Re1 35.
Qxb5 Qh1+ 36. Kf2 Qg1+ 37. Kf3 Re3# 0-1

[Event "Titled Tue 3rd Jun Early"]
[Site "chess.com INT"]
[Date "2025.06.03"]
[Round "11"]
[White "Thorhallsson, Simon"]
[Black "Marynychenko, Yehor"]
[Result "1-0"]
[WhiteTitle "FM"]
[BlackTitle "CM"]
[WhiteElo "2218"]
[BlackElo "2183"]
[WhiteFideId "2310090"]
[BlackFideId "34160558"]
[EventDate "2025.06.03"]

1. g3 c5 2. Bg2 Nc6 3. d3 Nf6 4. Nf3 e6 5. O-O d5 6. c4 Be7 7. Nc3 O-O 8. Bf4 d4
9. Nb5 a6 10. Na3 Bd6 11. Bxd6 Qxd6 12. Nc2 e5 13. b4 Nxb4 14. Nxb4 cxb4 15. a3
bxa3 16. Qa4 e4 17. Ng5 e3 18. fxe3 dxe3 19. Qxa3 Qxa3 20. Rxa3 Bg4 21. Nf3 Rab8
22. Rb1 b5 23. c5 Rfc8 24. d4 b4 25. Rxa6 b3 26. Ra3 Be6 27. Ne5 b2 28. Nc6 Rxc6
29. Bxc6 g6 30. Ra8 Rxa8 31. Bxa8 Ng4 32. Rxb2 Bc4 1-0

[Event "Titled Tue 3rd Jun Early"]
[Site "chess.com INT"]
[Date "2025.06.03"]
[Round "11"]
[White "Squella Lavin, Carlos Felipe"]
[Black "Ramu, K."]
[Result "0-1"]
[WhiteTitle "FM"]
[BlackTitle "FM"]
[WhiteElo "2230"]
[BlackElo "2151"]
[WhiteFideId "3406792"]
[BlackFideId "5006171"]
[EventDate "2025.06.03"]

1. d4 Nf6 2. c4 g6 3. Nf3 Bg7 4. g3 O-O 5. Bg2 d6 6. O-O Nc6 7. Nc3 e5 8. e4 Bg4
9. d5 Nd4 10. Qd3 Nd7 11. Nxd4 exd4 12. Nb5 Ne5 13. Qb3 Be2 14. Re1 Bxc4 15. Qa4
Qd7 0-1

[Event "Titled Tue 3rd Jun Early"]
[Site "chess.com INT"]
[Date "2025.06.03"]
[Round "11"]
[White "Vasquez Schroeder, Rodrigo"]
[Black "Tahmasebi, Hamidreza"]
[Result "0-1"]
[WhiteTitle "GM"]
[BlackTitle "FM"]
[WhiteElo "2446"]
[BlackElo "2298"]
[WhiteFideId "3400042"]
[BlackFideId "12537527"]
[EventDate "2025.06.03"]

1. e4 c6 2. d3 d5 3. Nd2 g6 4. Ngf3 Bg7 5. g3 Nf6 6. Bg2 O-O 7. O-O c5 8. exd5
Nxd5 9. Re1 Nc6 10. Nc4 b6 11. a4 Bb7 12. c3 Qc7 13. Qb3 Rad8 14. a5 Rd7 15.
axb6 axb6 16. Nfd2 Rfd8 17. Nb1 Ndb4 18. cxb4 Rxd3 19. Qa4 Nd4 20. Bf4 Qc8 21.
Nxb6 Ne2+ 22. Rxe2 Rd1+ 23. Bf1 Qh3 24. Nd2 Qg2# 0-1